UM Logo

De Lima wants libel decriminalized/ (Record no. 10897)

MARC details
000 -LEADER
fixed length control field 00356nam a2200121 4500
008 - FIXED-LENGTH DATA ELEMENTS--GENERAL INFORMATION
fixed length control field 180926b ||||| |||| 00| 0 eng d
100 ## - MAIN ENTRY--PERSONAL NAME
9 (RLIN) 31694
Personal name Galupo, Rey
245 ## - TITLE STATEMENT
Title De Lima wants libel decriminalized/
Statement of responsibility, etc. Rey Galupo
260 ## - PUBLICATION, DISTRIBUTION, ETC. (IMPRINT)
Place of publication, distribution, etc. Philippines
Name of publisher, distributor, etc. The Philippine Starc
Date of publication, distribution, etc. c2016
300 ## - PHYSICAL DESCRIPTION
Extent page 18.
650 #0 - SUBJECT ADDED ENTRY--TOPICAL TERM
9 (RLIN) 31695
Topical term or geographic name as entry element Libel and slander.
942 ## - ADDED ENTRY ELEMENTS (KOHA)
Source of classification or shelving scheme Dewey Decimal Classification
Koha item type Periodicals
Holdings
Withdrawn status Lost status Source of classification or shelving scheme Damaged status Not for loan Collection code Home library Current library Date acquired Total Checkouts Date last seen Price effective from Koha item type Public note
    Dewey Decimal Classification     Periodicals UM Digos College - LIC UM Digos College - LIC 09/26/2018   09/26/2018 09/26/2018 Periodicals Newspaper Clippings